| 000 | 02418nam0a22004091 4500 | ||
|---|---|---|---|
| 001 | rc\4788926 | ||
| 005 | 20130417103818.3 | ||
| 021 |
_aRU _b[59-73747] |
||
| 035 | _a(NLR Aleph) 009034272 | ||
| 090 |
_a9509461 _c9509461 |
||
| 100 | _a20130417d1959 |||y0rusy50 ca | ||
| 101 | 0 | _arus | |
| 102 | _aRU | ||
| 105 | _aa z |||a| | ||
| 200 | 1 |
_aОдноактные пьесы _eСборник |
|
| 210 |
_aМосква _cСов. Россия _d1959 |
||
| 215 |
_a183 с. _cил. _d20 |
||
| 225 | 1 |
_aБиблиотечка "Художественная самодеятельность" _v[№ 34] |
|
| 300 | _aВ вып. дан. сост.: Б.А. Здрок | ||
| 327 | 1 | _aСодерж.: Северо-западнее Берлина / С. Гансовский. Путеводная звезда / А. Елагина. Там, где начинаются пути / И Вишневский. Счастье Кати Козловой / А. Санин. В горах / Г. Шахов. Глаза Ульчи: Пьесы / С. Евлахов. Подснежники / А. Грач. На узловой станции. Сценки / А. Лавренко. Факелы. Драма / А. Полднева. Огненный хвост. Комедия / С. Шевцов | |
| 464 | 0 |
_12001#$aПодснежники _1700#1$aГрач$bА. |
|
| 464 | 0 |
_12001#$aГлаза Ульчи$eПьесы _1700#1$aЕвлахов$bС. |
|
| 464 | 0 |
_12001#$aНа узловой станции$eСценки _1700#1$aЛавренко$bА. |
|
| 464 | 0 |
_12001#$aОгненный хвост$eКомедия _1700#1$aШевцов$bС. |
|
| 464 | 0 |
_12001#$aФакелы$eДрама _1700#1$aПолднева$bА. |
|
| 464 | 0 |
_12001#$aВ горах _1700#1$aШахов$bГ. |
|
| 464 | 0 |
_12001#$aПутеводная звезда _1700#1$aЕлагина$bА. |
|
| 464 | 0 |
_12001#$aСеверо-западнее Берлина _1700#1$aГансовский$bС. |
|
| 464 | 0 |
_12001#$aСчастье Кати Козловой _1700#1$aСанин$bА. |
|
| 464 | 0 |
_12001#$aТам, где начинаются пути _1700#1$aВишневский$bИ. |
|
| 606 |
_aТеатральная самодеятельность _xРепертуар _2psbo |
||
| 702 | 1 |
_aЗдрок _bБ. А. _gБелла Александровна _4220 |
|
| 801 | 0 |
_aRU _bNLR _gpsbo |
|
| 801 | 1 |
_aRU _bELAR _2rusmarc |
|
| 852 |
_aNLR _j59-3/6149 |
||
| 942 | _cBOOK | ||
| 980 | _aNB | ||